|
|
|
|
| LEADER |
01365nam a2200325 a 4500 |
| 001 |
23972 |
| 003 |
BD-DhAAL |
| 008 |
111210s1996 enka b 001 0 eng |
| 010 |
|
|
|a 95008940
|
| 020 |
|
|
|a 0521485169 (pbk.)
|
| 020 |
|
|
|a 0521480396 (hc)
|
| 040 |
|
|
|a DLC
|c DLC
|d DLC
|d BD-DhAAL
|
| 050 |
0 |
0 |
|a HN13
|b .C644 1996
|
| 082 |
0 |
0 |
|a 303.484
|2 20
|
| 245 |
0 |
0 |
|a Comparative perspectives on social movements :
|b political opportunities, mobilizing structures, and cultural framings /
|c edited by Doug McAdam, John D. McCarthy, Mayer N. Zald.
|
| 260 |
|
|
|a Cambridge [England] ;
|a New York :
|b Cambridge University Press,
|c 1996.
|
| 300 |
|
|
|a xiv, 426 pages :
|b illustrations ;
|c 23 cm.
|
| 490 |
0 |
|
|a Cambridge studies in comparative politics
|
| 504 |
|
|
|a Includes bibliographical references (pages [379]-410) and index.
|
| 541 |
|
|
|e 23972
|
| 650 |
|
0 |
|a Social movements.
|
| 650 |
|
0 |
|a Comparative government.
|
| 700 |
1 |
|
|a McAdam, Doug.
|9 54894
|
| 700 |
1 |
|
|a McCarthy, John D.,
|d 1955-
|9 54944
|
| 700 |
1 |
|
|a Zald, Mayer, N.
|9 54945
|
| 830 |
|
|
|a Cambridge studies in comparative politics
|9 54946
|
| 852 |
1 |
|
|a Ayesha Abed Libraruy
|c General Stacks
|
| 942 |
|
|
|2 ddc
|c BK
|
| 999 |
|
|
|c 11561
|d 11561
|
| 952 |
|
|
|0 0
|1 0
|2 ddc
|4 0
|6 303_484000000000000_COM
|7 0
|9 18811
|a BIGD
|b BIGD
|c GEN
|d 2011-12-10
|l 0
|o 303.484 COM
|p 3050023972
|r 2011-12-10
|t 1
|w 2011-12-10
|y BK
|x Transferred from BDI to BIGD.
|